000 00323nam a22001337a 4500
008 170602b xxu||||| |||| 00| 0 eng d
020 _a9780312439378
041 _aeng
080 _a94
100 _a17
101 _aSHH
245 _aTHE MAKING OF THE WEST A CONCISE HISTORY
_cMARTIN.TH.R
942 _2udc
_cBK
999 _c15692
_d15692